000 01160cam a2200301 a 4500
999 _c1980
_d1980
001 4978999
003 OSt
005 20191016101043.0
008 980204s1998 nyua b 001 0 eng
010 _a 98013182
020 _a0387984895 (hardcover : alk. paper)
040 _aDLC
_cDLC
_dDLC
050 0 0 _aQA402.3
_b.S683 1998
082 0 0 _a515 SON 1998
_221
100 1 _aSontag, Eduardo D.
_95196
245 1 0 _aMathematical Control Theory:
_bdeterministic finite dimensional systems
250 _a2nd ed.
260 _aNew York :
_bSpringer,
_c1998.
300 _axvi, 531 p. ;
_bill. ;
_c25 cm.
440 0 _aTexts in applied mathematics ;
_v6
_95197
504 _aIncludes bibliographical references and index.
650 0 _aMathematical analysis.
_94226
856 4 2 _3Publisher description
_uhttp://www.loc.gov/catdir/enhancements/fy0817/98013182-d.html
856 4 1 _3Table of contents only
_uhttp://www.loc.gov/catdir/enhancements/fy0817/98013182-t.html
906 _a7
_bcbc
_corignew
_d1
_eocip
_f19
_gy-gencatlg
942 _2ddc
_cSLOAN